THEORY AND PROBLEMS OF TRANSMISSION LINES SCHAUMS OUTLINE SERIES (Record no. 582653)
[ view plain ]
| 000 -LEADER | |
|---|---|
| fixed length control field | 00289nam a22001097a 4500 |
| 082 ## - DEWEY DECIMAL CLASSIFICATION NUMBER | |
| Classification number | 621.3823 CHI'T |
| 100 ## - MAIN ENTRY--PERSONAL NAME | |
| Personal name | CHIPMAN, R. A |
| 9 (RLIN) | 77373 |
| 245 ## - TITLE STATEMENT | |
| Title | THEORY AND PROBLEMS OF TRANSMISSION LINES SCHAUMS OUTLINE SERIES |
| 260 ## - PUBLICATION, DISTRIBUTION, ETC. | |
| Place of publication, distribution, etc. | NEWYORK |
| Name of publisher, distributor, etc. | MCGRAW HILL |
| Date of publication, distribution, etc. | 1968 |
| 300 ## - PHYSICAL DESCRIPTION | |
| Extent | 236P |
| 942 ## - ADDED ENTRY ELEMENTS (KOHA) | |
| Koha item type | Book |
| Withdrawn status | Lost status | Damaged status | Not for loan | Permanent Location | Current Location | Shelving location | Date acquired | Total Checkouts | Full call number | Barcode | Date last seen | Price effective from | Koha item type |
|---|---|---|---|---|---|---|---|---|---|---|---|---|---|
| College of Electrical & Mechanical Engineering (CEME) | College of Electrical & Mechanical Engineering (CEME) | General Stacks | 06/07/2017 | 621.3823 CHI'T | CEME-9778 | 06/28/2021 | 06/28/2021 | Book |
